000 00261nam a2200097Ia 4500
001 65567
008 220901n ii |||gr||||Z||||||465
100 _aBadawi, Ahmad Ahmad ,
_eAuthor.
245 0 _aAl buhtari
_cAhmad Ahmad Badawi
_hTextual Documents
942 _2ddc
_cBK
999 _c66667
_d66667